000 00287nam a22001337a 4500
008 170324b xxu||||| |||| 00| 0 eng d
020 _a9780801893223
041 _aeng
080 _a615.82
100 _a8
101 _aSHM
245 _aGOLD MEDAL PHYSICS
_cGOFF, J.E
942 _2udc
_cBK
999 _c8611
_d8611